000 00546nam a22001697a 4500
005 20241113085346.0
008 241009b |||||||| |||| 00| 0 eng d
020 _a9781682861334
082 _aDC 304.2 L585 2024
100 _aLewis, Josie.
_962560
245 _aHuman geography :
_ban essential introduction /
_cJosie Lewis.
260 _aUSA,
_bWillford Press,
_c©2024.
300 _aviii, 224 pages :
_billustrations (some color) ;
_c25 cm.
500 _aIncludes references and index.
650 0 _aHuman geography.
_964039
942 _2ddc
_cDC
999 _c22356
_d22356